• 首页
  • 本馆介绍
  • 公告通知
  • 最新文献
  • 馆藏检索
  • 电子资源
  • 读者导购
  • 参考咨询
  • 我的图书馆
  • 登录
  • 详细信息显示
  • 放入我的书架
  • 预约/预借图书
  • 作者相关作品
  • 分类相关作品
  • 丛书相关作品
  • 出版社相关作品

书目信息

  • 表格格式
  • 工作单格式
  • 卡片格式
题名:
中国图书情报网络化研究
    
 
作者: 黄长著 主编
分册:  
出版信息: 北京   北京图书馆出版社  2002
页数: 414页
开本: 21cm
丛书名:
单 册:
中图分类: G250.72
科图分类:
主题词: 计算机网络--应用--图书情报工作--研究--中国
电子资源:
ISBN: 7-5013-1886-7
000 00920nam0 2200253 45
001 012002026600
005 20060220141654.06
010    @a7-5013-1886-7@dCNY30.00
035    @a(011001)c2002022549
092    @aCN
100    @a20020327d2002 em y0chiy0110 ea
101 0  @achi
102    @aCN@b110000
105    @ay z 000yy
200 1  @a中国图书情报网络化研究@9zhong guo tu shu qing bao wang luo hua yan jiu@f黄长著等主编@Fhuang chang zhu deng zhu bian
210    @a北京@c北京图书馆出版社@d2002
215    @a414页@d21cm
300    @a国家社科基金“九五”重大课题 中国社会科学院出版基金资助项目
330    @a本书内容有:图书情报网络化概述、国外图书情报网络化现状、我国图书情报工作网络化现状、网络用户信息需求调查与分析等。
606 0  @a计算机网络@x应用@x图书情报工作@x研究@y中国
690    @aG250.72@v4
701  0 @a黄长著@Ahuang chang zhu@4主编
801  0 @aCN@bTSSF@c20060220
905    @a10447@dG250.72@e89
    
    中国图书情报网络化研究/黄长著等主编.-北京:北京图书馆出版社,2002
    414页;21cm
    国家社科基金“九五”重大课题 中国社会科学院出版基金资助项目
    
    ISBN 7-5013-1886-7:CNY30.00
    本书内容有:图书情报网络化概述、国外图书情报网络化现状、我国图书情报工作网络化现状、网络用户信息需求调查与分析等。
●
相关链接 在E读中查询图书 在五车中查询图书 在当当中查询图书 在豆瓣中查询图书


正题名:中国图书情报网络化研究     索取号:G250.72/89         预约/预借

序号 登录号 条形码 馆藏地/架位号 状态 备注
1 0338420   203384202   第一样本阅览室/ [索取号:G250.72/89] 在馆    
2 0338421   203384211   第四借阅区/ [索取号:G250.72/89] 在馆    
3 0338422   203384220   第四借阅区/ [索取号:G250.72/89] 在馆    
唐山师范学院图书馆 欢迎您!
大连网信软件有限公司© 版权所有